Click the Biggest European Country - Sudden Death - Very Hard - Statistics

General Stats
  • This quiz has been taken 1,847 times
    1,845 since last reset
  • The average score is 3 of 45
Answers on the Map
Answers color-coded by a green-red scale on the quiz's map according to % correct below.
 
Answer Stats
Answer % Correct
Biggest
100%
2nd Biggest
72%
3rd Biggest
47%
4th Biggest
24%
5th Biggest
16%
6th Biggest
11%
7th Biggest
7%
8th Biggest
5%
45th Biggest
4%
9th Biggest
4%
44th Biggest
3%
10th Biggest
2%
11th Biggest
2%
12th Biggest
2%
13th Biggest
2%
43rd Biggest
2%
14th Biggest
1%
15th Biggest
1%
16th Biggest
1%
17th Biggest
1%
39th Biggest
1%
40th Biggest
1%
41st Biggest
1%
42nd Biggest
1%
18th Biggest
0%
19th Biggest
0%
20th Biggest
0%
21st Biggest
0%
22nd Biggest
0%
23rd Biggest
0%
24th Biggest
0%
25th Biggest
0%
26th Biggest
0%
27th Biggest
0%
28th Biggest
0%
29th Biggest
0%
30th Biggest
0%
31st Biggest
0%
32nd Biggest
0%
33rd Biggest
0%
34th Biggest
0%
35th Biggest
0%
36th Biggest
0%
37th Biggest
0%
38th Biggest
0%
No matching quizzes found
Score Distribution
Percent of People with Each Score
Percentile by Number Answered
Your Score History
You have not taken this quiz since the last reset